| 000 | 01954nam a22002537a 4500 | ||
|---|---|---|---|
| 999 |
_c64078 _d64078 |
||
| 003 | Ge_BSU | ||
| 005 | 20260326110557.0 | ||
| 008 | 260325s2025 ge ||||| |||| 00| 0 geo d | ||
| 016 | _a9789941348129 | ||
| 041 | _ageo | ||
| 080 | _a811.353.1'373.211.1 შ-93 | ||
| 245 |
_aშუახევის მუნიციპალიტეტის სოფლების სახელწოდებათა გეოგრაფიული მნიშვნელობები / _cდავით სამნიძე, მარიამ დავითაძე, მარიამ მიქელაძე, გოჩა დავითაძე, რედ: მერაბ ფუტკარაძე, ტარიელ ებრალიძე ; |
||
| 264 |
_aთბილისი : _bმერიდიანი, _c2025. |
||
| 300 |
_a74 გვ. ; _b 19 სმ. |
||
| 440 |
_aსაგანმანათლებლო სერია - მოსწავლის ბიბლიოთეკა ; N2 _927192 |
||
| 653 | _aშუახევის მუნიციპალიტეტის სოფლების სახელწოდებათა გეოგრაფიული მნიშვნელობები | ||
| 700 |
_aდავითაძე, მარიამ _927193 |
||
| 700 |
_aმიქელაძე, მარიამ _927194 |
||
| 700 |
_a დავითაძე, გოჩა _927195 |
||
| 700 |
_aფუტკარაძე,მერაბ _eრედაქტორი _927196 |
||
| 700 |
_aებრალიძე, ტარიელ _eრედაქტორი _91482 |
||
| 710 |
_a საქართველოს საპატრიარქოს ხიჭაურის წმ. გრიგოლ ხანძთელის სახ. სკოლა, გეოგრაფიის კლუბი "სამშობლო". _927197 |
||
| 942 |
_2udc _cᲬᲘᲒᲜᲘ |
||